000 01031nam a2200265 a 4500
001 000021453
003 DO-SdBNP
005 20250624115924.0
008 100908s2003 dr bc 000 0 spa d
020 _a9993489093
040 _aDO-SdBNP
_bspa
_cBNPHU
082 _a972.9342
_bM385p, 2003
100 1 _aMartínez, Lusitania
_92860
245 1 0 _aPalma Sola opresión y esperanza (su geografía mítica y social) /
_cLusitania Martínez ; prólogo Mario Bonetti ; presentación Roberto Cassá.
250 _a2a. ed.
260 _aSanto Domingo :
_bAcademia de Ciencias de la República Dominicana,
_c2003.
300 _aviii, 354 p. :
_bmaps., retrs. ;
_c23 cm.
500 _aIncluye datos biográficos de la autora en la contracubierta
504 _aIncluye bibliografías : p. 347-352
590 _aInventariado, 2019/MFF
650 4 _aCulto
_z República Dominicana, Palma Sola (San Juan)
_xHistoria
_944748
700 1 _aBonetti, Mario,
_epról.
_95148
700 1 _aCassá, Roberto,
_d1948-
_910888
942 _2ddc
_cLBS1
999 _c20953
_d20953